Les dix villes les plus peuplées en 2035 - Statistiques

Statistiques générales
  • Ce quiz a été pris 69 fois
  • Le résultat moyen est 6 sur 10
Statistiques - réponses
Hint Réponse % Correct
36 millions Tokyo
92%
25 millions Pékin
85%
43 millions New Delhi
82%
34 millions Shanghai
74%
27 millions Bombay
62%
29 millions Le Caire
52%
25 millions Mexico
52%
24 millions São Paulo
44%
31 millions Dacca
33%
27 millions Kinshasa
33%
Aucun quiz correspondant
Distribution des résultats
% des personnes avec chaque résultat
Percentile par nombre de réponses
Votre historique - résultats
Vous n’avez pas pris ce quiz